000 00630nam a2200241Ia 4500
001 22668
005 20240114000649.0
007 ta
008 170424s2001 ii g b000 u 465 u
040 _aCotton College,Assam
041 _a465
082 _a822.33
_bKe 43 Sh
100 _aKermode, Frank .
245 0 _aShakespeare`s Language /
_cFrank Kermode.
_hTextual Documents
250 _a1st ed. /
260 _aLondon :
_bPenguin Books Ltd ,
_c2001.
300 _a324p. ;
_c21cm.
653 _aEnglish drama-Criticism
653 _aG-English
942 _2ddc
_cBK
999 _c22650
_d22650